Trí tuệ nhân sinh : Nhẫn /

Сохранить в:
Библиографические подробности
Главный автор: Đỗ Kim Lượng
Формат:
Язык:Vietnamese
Опубликовано: Khoa học xã hội 2000
Метки: Добавить метку
Нет меток, Требуется 1-ая метка записи!
Thư viện lưu trữ: Mạng thư viện Đại học Đà Nẵng
LEADER 00667nam a2200265 4500
001 000027256
003 ĐÔ-L
005 20150403120000.0
008 150403s vm 000 vie
020 |c 0,0000 
040 |a notts 
100 |a Đỗ Kim Lượng 
245 |a Trí tuệ nhân sinh : Nhẫn /  |c Đỗ Kim Lượng,Hậu Thư Sâm ; Trần Khang dịch. 
260 |b Khoa học xã hội  |c 2000 
OWN |a LTT 
999 |a From the UDN01 
TYP |a Monograph 
TYP |a Printed language 
980 |a Mạng thư viện Đại học Đà Nẵng